Environmental science : (Record no. 11745)

000 -LEADER
fixed length control field 01172cam a2200289 a 4500
001 - CONTROL NUMBER
control field 14931145
005 - DATE AND TIME OF LATEST TRANSACTION
control field 20171019020040.0
008 - FIXED-LENGTH DATA ELEMENTS--GENERAL INFORMATION
fixed length control field 070717s2008 iauab 001 0 eng
010 ## - LIBRARY OF CONGRESS CONTROL NUMBER
LC control number 2007029516
020 ## - INTERNATIONAL STANDARD BOOK NUMBER
International Standard Book Number 9780073051383 (hard copy : alk. paper)
020 ## - INTERNATIONAL STANDARD BOOK NUMBER
International Standard Book Number 0073051381 (hard copy : alk. paper)
040 ## - CATALOGING SOURCE
Original cataloging agency DLC
Transcribing agency DLC
Modifying agency LCC
050 00 - LIBRARY OF CONGRESS CALL NUMBER
Classification number GE 105 .C86 2008
Item number .C86 2008
082 00 - DEWEY DECIMAL CLASSIFICATION NUMBER
Classification number 363.7
Edition number 22
100 1# - MAIN ENTRY--PERSONAL NAME
Personal name Cunningham, William P.
245 10 - TITLE STATEMENT
Title Environmental science :
Remainder of title a global concern /
Statement of responsibility, etc. William P. Cunningham, Mary Ann Cunningham.
250 ## - EDITION STATEMENT
Edition statement 10th ed.
260 ## - PUBLICATION, DISTRIBUTION, ETC. (IMPRINT)
Place of publication, distribution, etc. Boston :
Name of publisher, distributor, etc. McGraw-Hill Higher Education,
Date of publication, distribution, etc. c2008.
300 ## - PHYSICAL DESCRIPTION
Extent xxii, 618 p. :
Other physical details col. ill., col. maps ;
Dimensions 29 cm.
500 ## - GENERAL NOTE
General note Includes index.
650 #0 - SUBJECT ADDED ENTRY--TOPICAL TERM
Topical term or geographic name as entry element Environmental sciences
Form subdivision Textbooks.
700 1# - ADDED ENTRY--PERSONAL NAME
Personal name Cunningham, Mary Ann.
856 41 - ELECTRONIC LOCATION AND ACCESS
Materials specified Table of contents only
Uniform Resource Identifier <a href="http://www.loc.gov/catdir/toc/ecip0723/2007029516.html">http://www.loc.gov/catdir/toc/ecip0723/2007029516.html</a>
906 ## - LOCAL DATA ELEMENT F, LDF (RLIN)
a 7
b cbc
c orignew
d 1
e ecip
f 20
g y-gencatlg
942 ## - ADDED ENTRY ELEMENTS (KOHA)
Source of classification or shelving scheme
Koha item type Hard Covered Materials
Classification part GE 105 .C86 2008
Koha issues (borrowed), all copies 1
Holdings
Withdrawn status Lost status Source of classification or shelving scheme Damaged status Not for loan Home library Current library Date acquired Source of acquisition Total Checkouts Full call number Barcode Date last seen Price effective from Koha item type Shelving location Date last checked out
          MACHAKOS UNIVERSITY LIBRARY MACHAKOS UNIVERSITY LIBRARY 12/07/2016 Donation (BFA)   GE 105 .C86 2008 22,264 12/07/2016 12/07/2016 Hard Covered Materials    
          MACHAKOS UNIVERSITY LIBRARY MACHAKOS UNIVERSITY LIBRARY 19/09/2016 Donation (BFA) 1 GE 105 .C86 2008 22264 07/06/2019 19/09/2016 Hard Covered Materials Open shelf 18/10/2017
© Machakos University Library, Along The Highway, Machakos Wote Rd, Machakos, Kenya P.O. Box 136 - 90100 Machakos - Kenya

Tel: ( +254 ) 723 805829 OR Fax : 044-20353 OR Email: library@mksu.ac.ke